00534nam a2200181Ia 450000500170000000800410001702000220005804000190008004100120009908200130011110000180012424500540014226000480019630000140024450400500025865000330030885000110034120230622102304.0131103s9999 xx 000 0 und d a748622268cRs 895 aLoreto College aEnglish a941bHEA aHeater, Derek aCitizenship in Britainb A history cDerek Heater aEdinburghbEdinburgh University Pressc2006 avii,263p  aIncludes bibliographical references and index aBritain-History and Politics aLCLIB